Electricity and Magnetism (Record no. 589987)
[ view plain ]
| 000 -LEADER | |
|---|---|
| fixed length control field | 00331nam a22001337a 4500 |
| 020 ## - INTERNATIONAL STANDARD BOOK NUMBER | |
| International Standard Book Number | 9788121906678 |
| 040 ## - CATALOGING SOURCE | |
| Transcribing agency | NUST |
| 082 ## - DEWEY DECIMAL CLASSIFICATION NUMBER | |
| Classification number | 537 TEW |
| 100 ## - MAIN ENTRY--PERSONAL NAME | |
| Personal name | Tewari, K.K. Dr |
| 9 (RLIN) | 74236 |
| 245 ## - TITLE STATEMENT | |
| Title | Electricity and Magnetism |
| 260 ## - PUBLICATION, DISTRIBUTION, ETC. | |
| Place of publication, distribution, etc. | New Delhi: |
| Name of publisher, distributor, etc. | S.Chand, |
| Date of publication, distribution, etc. | 2015. |
| 650 ## - SUBJECT ADDED ENTRY--TOPICAL TERM | |
| Topical term or geographic name entry element | Electricity and Magnetism |
| 9 (RLIN) | 64093 |
| 942 ## - ADDED ENTRY ELEMENTS (KOHA) | |
| Source of classification or shelving scheme | |
| Koha item type | Book |
| Withdrawn status | Lost status | Source of classification or shelving scheme | Damaged status | Not for loan | Permanent Location | Current Location | Shelving location | Date acquired | Total Checkouts | Full call number | Barcode | Date last seen | Price effective from | Koha item type |
|---|---|---|---|---|---|---|---|---|---|---|---|---|---|---|
| College of Electrical & Mechanical Engineering (CEME) | College of Electrical & Mechanical Engineering (CEME) | General Stacks | 05/26/2022 | 537 TEW | CEME-47848 | 05/26/2022 | 05/26/2022 | Book |
